| 000 | 01896nam a2200289 a 4500 | ||
|---|---|---|---|
| 001 | 000022324 | ||
| 003 | DO-SdBNP | ||
| 005 | 20240314200928.0 | ||
| 007 | ta | ||
| 008 | 100927s1997 dr ac 000 0 spa d | ||
| 040 |
_aDO-SdBNP _bspa _cBNPHU |
||
| 082 | 4 |
_a972.9324 _bL864h 1997 _222 |
|
| 100 | 1 |
_aLópez Reyes, Oscar _9750 |
|
| 245 | 1 | 0 |
_aHistoria del desarrollo de Barahona : _bnarración e interpretación / _cOscar López Reyes ; prólogo Wilson S. Gómez Ramírez. |
| 250 | _a2a ed. | ||
| 260 |
_aSanto Domingo : _bMediabyte, _c[1997?]. |
||
| 300 |
_axix, 455 p. : _bilustraciones ; _c21 cm. |
||
| 504 | _aBibliografía : p. 443-453 | ||
| 505 | 2 |
_aPólogo-- _tIntroducción -- _tEspaña en los siglos XV y XVII -- _tRebelión de Roldán -- _tAlzamiento de Enriquillo -- _tBarahona : origen y fundación -- _tOcupación haitiana e independencia nacional -- _tAnexión a España y restauración -- _tEtapa de gran desarrollo y confrontación -- _tBarahona adquiere categoría social -- _tGobierno del padre Nouel en Barahona -- _tInvasión norteamericana -- _tEl gobierno de Horacio Vásquez (1924-1930) -- _tLa tiranía de Trujillo (1930-61) -- _tPeríodo post-trujillista (1961-1964) -- _tLa revolución del 24 abril -- Joaquín Balaguer : 12 años de despotismo ilustrado -- _tApertura democrático-institucional (1978-1982) -- _tPanorama a finales del siglo XX -- _tIglesia, política y comunicación -- _tCultura, arte y literatura -- _tDeportes -- _tComposición geográfica -- _tBibliografía general. |
|
| 590 | _aInventariado, 2023/ YL | ||
| 650 | 4 |
_aCiudades y pueblos _zRepública Dominicana _9784 |
|
| 651 | 4 |
_aBarahona (República Dominicana{Rpara} _xHistoria Local _9231 |
|
| 651 | 4 |
_aBarahona (República Dominicana{Rpara} _xVida social y costumbres _9782 |
|
| 700 | 1 |
_aGómez Ramírez, Wilson S _d1953- _946083 |
|
| 910 | _aYLockward/ Validado. Control de calidad MMOLINA | ||
| 942 |
_2ddc _cLBS1 |
||
| 999 |
_c21822 _d21822 |
||